Geography General Knowledge - A - Statistics

General Stats
  • This quiz has been taken 297 times
    271 since last reset
  • The average score is 16 of 42
Answer Stats
Hint Answer % Correct
The Grand Canyone state Arizona
92%
Continent reffered to as "On the Ice" Antarctica
86%
Largest Continent Asia
85%
The Mother Continent Africa
84%
Land Down Under Australia
82%
Second largest city in Turkey Ankara
73%
Largest city in Algeria Algiers
67%
Second most populous city in the UAE Abu Dhabi
66%
Capital city of Ethiopia Addis Abäba
63%
Most populous city in Jordan Amman
62%
Sea between the Italian peninsula and Balkan peninsula Adriatic Sea
61%
Capital city of Andorra Andorra la Vella
61%
Largest city in Paraguay Asunción
58%
Capital city of Ghana Accra
56%
Capital city of Nigeria Abuja
55%
The Graveyard of Empires Afghanistan
54%
Capital city of Madagascar Antananarivo
48%
Largest city in Turkmenistan Ashgabat
42%
Largest city in Samoa Apia
39%
Second largest city in Kazakhstan Astana
39%
Former Republic of the Soviet Union Armenia
38%
Yellowhammer state Alabama
36%
The Last Frontier Alaska
36%
Sea that borders India Arabian Sea
34%
Largest settlement in Eritrea Asmara
33%
The Kuwait of Africa Angola
30%
The Natural state Arkansas
25%
Their Country's Name is Spanish for "Ancient" and "Bearded" Antigua and Barbuda
24%
Mountain range that runs through central Italy Apennines
21%
Their National Football Team is the "Desert Foxes" Algeria
20%
Land of the Eagle Albania
18%
Their Country's Motto is "Virtus Unita Fortior" Andorra
14%
The Land of Contrast Argentina
11%
Disputed Territory on the East Coast of the Black Sea Abkhazia
10%
River in Massachusetts Aberjona River
3%
River in Massachusetts Acushnet River
3%
River in Massachusetts Agawam River
3%
River in Massachusetts Assabet River
3%
River in Massachusetts Assonet River
3%
River in Massachusetts Annisquam River
2%
Sea off the mainland of Argentina Argentine Sea
2%
Gulf between Banks Island and Victoria Island Amundsen Gulf
0%
No matching quizzes found
Score Distribution
Percent of People with Each Score
Percentile by Number Answered
Your Score History
You have not taken this quiz since the last reset